000 00394nam a2200157 i 4500
001 81493
003 ES-MaACL
005 20230906174441.0
007 t|
008 041104q1962 zzz ||||1| cat d
100 1 _aHurtado, Odó.
_964783
245 1 3 _aLa Condemna /
_cOdó Hurtado.
260 _a[S.l. :
_bs.n.,
_c1962?]
300 _a230 p. ;
_c17 cm.
852 _aES-MaACL
_jC-22289
_bR.50415
999 _c81493
_d81493